[Event "33rd Bulgarian Open"]
[Site "Plovdiv BUL"]
[Date "2011.02.04"]
[Round "7.13"]
[White "Kadric,D"]
[Black "Petkov,V"]
[Result "1-0"]
[WhiteElo "2356"]
[BlackElo "2506"]

1.e4 c5 2.Nf3 Nc6 3.d4 cxd4 4.Nxd4 e6 5.Nc3 Qc7 6.Be3 Nf6 7.Bd3 a6 8.O-O h5
9.h3 b5 10.Nxc6 Qxc6 11.Re1 Bb7 12.a3 Rc8 13.Bd4 Be7 14.Bf1 d6 15.f3 h4 16.Rc1 Nh5
17.Qd2 Bf6 18.Bxf6 gxf6 19.Qf2 Qc5 20.Qxc5 Rxc5 21.Rcd1 Ke7 22.Rd4 Nf4 23.Red1 Rd8
24.a4 Bc6 25.axb5 axb5 26.Ra1 Rd7 27.Rb4 d5 28.exd5 Nxd5 29.Nxd5+ Rdxd5 30.Bd3 Rh5
31.Ra7+ Kf8 32.Rc7 Kg7 33.Rg4+ Kf8 34.Rc8+ Ke7 35.Rc7+ Kf8 36.Rc8+ Ke7 37.Rg7 b4
38.Bg6 Be8 39.Rxe8+ Kxe8 40.Bxh5 Rxh5 41.Rg4 Rc5 42.Rxh4 Rxc2 43.Rxb4 f5
44.Kh2 Ke7 45.Rb7+ Kf6 46.b4 e5 47.Rb8 f4 48.Kg1 Kg5 49.b5 Rc1+ 50.Kh2 Rb1
51.b6 Kf6 52.h4 Kg7 53.b7 f5 54.Re8 Rxb7 55.Rxe5 Kg6 56.Ra5 Rb4 57.Ra6+ Kf7
58.h5 Kg7 59.h6+ Kh7 60.Rf6 Rb5 61.Kh3 Ra5 62.Kh4 Ra2 63.Kh3 Ra5 64.Kh4 Ra2
65.Kg5 Rxg2+ 66.Kxf5 Ra2 67.Kxf4 Ra1 68.Kf5 Ra5+ 69.Kg4 Ra1 70.f4 Ra5 71.Rf5 Ra6
72.Rh5 Ra1 73.Rh3 Ra4 74.Kg5 Ra1 75.f5 Ra8 76.Re3 Rg8+ 77.Kh5 Rg1 78.Re7+ Kg8
79.f6 Rh1+ 80.Kg6 Rg1+ 81.Kf5 Rf1+ 82.Ke6 Re1+ 83.Kd7 Ra1 84.h7+ Kh8 85.f7 Ra7+
86.Kc6 Ra6+ 87.Kb5  1-0

[Event "TCh-CAT Div Hon"]
[Site "Barcelona ESP"]
[Date "2011.02.05"]
[Round "2"]
[White "Garcia Cano,A"]
[Black "Coll Ortega,J"]
[Result "0-1"]
[WhiteElo "2287"]
[BlackElo "2283"]

1.e4 c5 2.Nf3 e6 3.d4 cxd4 4.Nxd4 Nc6 5.Nc3 Qc7 6.Be3 a6 7.Be2 Nf6 8.a3 b5
9.Nxc6 dxc6 10.f4 Be7 11.e5 Nd5 12.Nxd5 exd5 13.O-O Bf5 14.c3 O-O 15.Qe1 f6
16.exf6 Bxf6 17.Qf2 Rae8 18.Rfe1 Re6 19.Bf3 Rfe8 20.g3 Qf7 21.Bc5 Qg6 22.Rxe6 Rxe6
23.Re1 Be4 24.Re2 Qf5 25.Qe1 h5 26.Bxe4 dxe4 27.Be3 Rd6 28.Rd2 Rd3 29.Rxd3 exd3
30.Bd4 Bxd4+ 31.cxd4 c5 32.dxc5 Qxc5+ 33.Kf1 Qd5 34.Qe8+ Kh7 35.Ke1 Qh1+
36.Kd2 Qxh2+ 37.Kxd3 Qxg3+ 38.Ke2 Qg2+ 39.Ke3 Qd5 40.Kf2 Qf5 41.Ke3 Qd5 42.Kf2 Qd4+
43.Kg2 Qxb2+ 44.Kg3 Qxa3+ 45.Kg2 Qb2+ 46.Kh1 Qc1+ 47.Kg2 Qxf4 48.Qxh5+ Qh6
49.Qc5 Qd2+ 50.Kg1 Qe1+ 51.Kg2 Qe4+ 52.Kf2 b4 53.Qc8 Qd4+ 54.Ke2 Qb2+ 55.Kf1 Qb1+
56.Kf2 Qd3 57.Qe8 Qf5+ 58.Ke3 b3 59.Qb8 Qb5 60.Qh2+ Kg8 61.Qd6 b2 62.Qe6+ Kf8
63.Qd6+ Ke8 64.Qe6+ Kd8 65.Qd6+ Kc8 66.Qf8+ Kc7 67.Qxg7+ Kb6 68.Qf6+ Ka5
69.Qc3+ Ka4 70.Qd4+ Ka3 71.Qd6+ Ka2 72.Qh2 Qb6+ 73.Ke4 Qb4+ 74.Kd5 Ka3  0-1

[Event "1st Open"]
[Site "Cento ITA"]
[Date "2011.02.05"]
[Round "1"]
[White "Frigieri,F"]
[Black "Delchev,A"]
[Result "0-1"]
[WhiteElo "2161"]
[BlackElo "2629"]

1.e4 c5 2.Nf3 e6 3.d4 cxd4 4.Nxd4 Nc6 5.Nc3 Qc7 6.Be2 a6 7.O-O Nf6 8.Be3 Bb4
9.Nxc6 bxc6 10.Na4 Be7 11.Nb6 Rb8 12.Nxc8 Qxc8 13.b3 Nxe4 14.Qd3 f5 15.Bd4 Bf6
16.Bxf6 Nxf6 17.Qxa6 Qxa6 18.Bxa6 Ra8 19.Bd3 Ra3 20.Rfb1 Ke7 21.c4 Rha8 22.Rb2 c5
23.Re1 Rxa2 24.Rxa2 Rxa2 25.Bxf5 Rb2 26.Rb1 Rd2 27.Bh3 Ne4 28.g3 Nxf2 29.Bf1 Ng4
30.h3 Ne3 31.b4 cxb4 32.Rb3 Nc2 33.Bg2 Rd4 34.Bf1 Kd6 35.Rb2 Ne3  0-1

[Event "Schachbundesliga 2010-11"]
[Site "Eppingen GER"]
[Date "2011.02.05"]
[Round "8"]
[White "Bacrot,E"]
[Black "Melamed,T"]
[Result "1-0"]
[WhiteElo "2716"]
[BlackElo "2353"]

1.e4 c5 2.Nf3 e6 3.d4 cxd4 4.Nxd4 Nc6 5.Nc3 Qc7 6.Be2 a6 7.O-O Nf6 8.Be3 Be7
9.f4 d6 10.Qe1 Nxd4 11.Bxd4 O-O 12.Qg3 b5 13.a3 Bb7 14.Rae1 Bc6 15.Bd3 Qb7
16.e5 Nh5 17.Qh3 g6 18.exd6 Bxd6 19.Ne4 Be7 20.g4 Rad8 21.c3 Rxd4 22.cxd4 Nf6
23.Nf2 Rd8 24.g5 Nh5 25.Qe3 Qd7 26.Be4 Bxe4 27.Qxe4 Bf8 28.Rd1 Bg7 29.Ng4 Qd5
30.Qxd5 Rxd5 31.Kg2 Bxd4 32.b3 Kf8 33.Kf3 Ng7 34.Rd3 Nf5 35.Rfd1 Ke7 36.a4 bxa4
37.bxa4 Kd6 38.Nh6 Nxh6 39.gxh6 Bc5 40.Rxd5+ exd5 41.Re1 Kd7 42.Re5 Bd6 43.Rxd5 Kc6
44.Rd1 Kc7 45.Rc1+ Kd7 46.Rb1 Kc6 47.h4 Bc7 48.h5 Bd6 49.hxg6 fxg6 50.Ke4 Bf8
51.Rb8 Bxh6 52.Rh8 Kc5 53.Rxh7 Bf8 54.Rf7  1-0

[Event "Schachbundesliga 2010-11"]
[Site "Eppingen GER"]
[Date "2011.02.06"]
[Round "9"]
[White "Balogh,C"]
[Black "Vasilevich,T"]
[Result "1-0"]
[WhiteElo "2608"]
[BlackElo "2399"]

1.e4 c5 2.Nf3 e6 3.d4 cxd4 4.Nxd4 Nc6 5.Nc3 Qc7 6.Be3 a6 7.Qd2 Nf6 8.O-O-O Bb4
9.f3 O-O 10.g4 Ne5 11.g5 Nh5 12.a3 Be7 13.f4 Ng4 14.e5 Nxe3 15.Qxe3 g6 16.Be2 Ng7
17.Ne4 Rd8 18.Nf6+ Bxf6 19.gxf6 Ne8 20.h4 d6 21.h5 dxe5 22.fxe5 Rd5 23.Nf3 b5
24.hxg6 fxg6 25.Rxd5 exd5 26.Ng5 Bf5 27.Bd3 d4 28.Qf3 Rd8 29.Bxf5  1-0

[Event "TCh-BEL 2010-11"]
[Site "Hauset BEL"]
[Date "2011.02.06"]
[Round "8.2"]
[White "Docx,S"]
[Black "Mladenov,Sv"]
[Result "0-1"]
[WhiteElo "2342"]
[BlackElo "2436"]

1.e4 c5 2.Nf3 e6 3.d4 cxd4 4.Nxd4 Nc6 5.Nc3 Qc7 6.Be3 a6 7.Be2 Nf6 8.O-O Be7
9.f4 d6 10.g4 Nxd4 11.Bxd4 e5 12.Bf2 exf4 13.g5 Nd7 14.Nd5 Qd8 15.Bg4 O-O
16.Bxd7 Qxd7 17.Bd4 Bxg5 18.Nb6 Qh3 19.Nxa8 Bg4 20.Qd3 f3 21.Rf2 Rxa8 22.Be3 Bh4
23.Rd2 Bd7 24.Qxd6 Bc6 25.Qf4 Re8 26.Rf1 Bxe4 27.Rfd1 f2+  0-1

[Event "Schachbundesliga 2010-11"]
[Site "Wattenscheid GER"]
[Date "2011.02.06"]
[Round "9"]
[White "Areshchenko,A"]
[Black "Brandenburg,D"]
[Result "1/2-1/2"]
[WhiteElo "2664"]
[BlackElo "2519"]

1.e4 c5 2.Nf3 e6 3.d4 cxd4 4.Nxd4 Nc6 5.Nc3 Qc7 6.Be2 a6 7.O-O Nf6 8.Be3 Bb4
9.Na4 Be7 10.Nxc6 bxc6 11.Nb6 Rb8 12.Nxc8 Qxc8 13.Bd4 Qc7 14.e5 Nd5 15.c4 Nf4
16.g3 c5 17.Bc3 Nh3+ 18.Kg2 Ng5 19.f3 f6 20.exf6 Bxf6 21.Bxf6 gxf6 22.Qd2 h5
23.Rad1 h4 24.b3 Ke7 25.Qe3 Qe5 26.Qd3 Qc7 27.f4 Qc6+ 28.Bf3 Nxf3 29.Qxf3 Qxf3+
30.Rxf3 hxg3 31.hxg3 a5 32.Rfd3 Rb7 33.g4 a4 34.bxa4 Ra8 35.Rb3 Rb4 36.Rh3 Raxa4
37.Rh7+ Ke8 38.Rh8+ Ke7 39.Rh7+ Ke8  1/2-1/2

[Event "1st Open"]
[Site "Cento ITA"]
[Date "2011.02.07"]
[Round "3"]
[White "Calavalle,G"]
[Black "Cardani,R"]
[Result "1-0"]
[WhiteElo "2237"]
[BlackElo "1947"]

1.e4 c5 2.Nc3 Nc6 3.Nge2 e6 4.d4 cxd4 5.Nxd4 Qc7 6.Ndb5 Qb8 7.Be3 Nf6 8.f4 d6
9.a4 Be7 10.g4 a6 11.Na3 d5 12.e5 Nd7 13.Ne2 g5 14.fxg5 Qxe5 15.Qc1 d4 16.Bf4 Qe4
17.Rg1 Nde5 18.Bg2 Nf3+ 19.Kf2 d3 20.Bxf3 Bc5+ 21.Kg2 Qg6 22.cxd3 Bxg1 23.Bxc6+ Ke7
24.Be4 f5 25.gxf6+  1-0

[Event "85th YMCA Masters"]
[Site "Warsaw POL"]
[Date "2011.02.10"]
[Round "4"]
[White "Lewandowski,Ra"]
[Black "Janczarski,M"]
[Result "0-1"]
[WhiteElo "2200"]
[BlackElo "2296"]

1.e4 c5 2.Nf3 Nc6 3.d4 cxd4 4.Nxd4 e6 5.Nc3 Qc7 6.Be3 Nf6 7.f3 a6 8.Qd2 b5
9.O-O-O Ne5 10.Bf4 b4 11.Nce2 Be7 12.g4 d6 13.Ng3 O-O 14.g5 Nfd7 15.h4 Nb6
16.b3 Bd7 17.Kb1 a5 18.Nh5 a4 19.Bg3 Ra5 20.f4 Ng6 21.Rh2 Rfa8 22.Qe3 e5
23.Nf3 axb3 24.cxb3 Rxa2 25.Rxa2 Rxa2 26.Rd2 Ra1+ 27.Kxa1 Qc1+ 28.Ka2 Na4
29.Bc4 Nc3+ 30.Qxc3 bxc3 31.Re2 c2 32.Re1 Qxe1  0-1

[Event "IV Open A"]
[Site "Gora Swietej Anny POL"]
[Date "2011.02.12"]
[Round "2.27"]
[White "Chenska,K"]
[Black "Jastrzebski,Konrad"]
[Result "1-0"]
[WhiteElo "1649"]
[BlackElo "1458"]

1.e4 c5 2.Nf3 e6 3.d4 cxd4 4.Nxd4 Nc6 5.Nc3 Qc7 6.Be2 a6 7.Be3 Nf6 8.O-O Bb4
9.Bd3 Bxc3 10.bxc3 d5 11.exd5 Nxd5 12.Bd2 Ne5 13.Qe1 Ng4 14.Nf3 O-O 15.h3 Ngf6
16.Ne5 Nd7 17.Nxd7 Bxd7 18.Qe4 Nf6 19.Qh4 Qe5 20.g4 Rfd8 21.g5 Nd5 22.Qxh7+ Kf8
23.f4 Qc7 24.Qh8+ Ke7 25.Qxg7 Rh8 26.Rf3 Rag8 27.Qd4 Bc6 28.Be4 Rh4 29.c4 Nb6
30.Bxc6 Qxc6 31.Bb4+ Ke8 32.Rd1 Qd7 33.Qxd7+ Nxd7 34.Rfd3 Rxf4 35.Rxd7 Rxg5+
36.Kh1 Rf1+ 37.Rxf1 Kxd7 38.Rxf7+  1-0

[Event "TCh-FIN 2010-11"]
[Site "Salo FIN"]
[Date "2011.02.12"]
[Round "6.4"]
[White "Pihlajasalo,H"]
[Black "Issakainen,A"]
[Result "1/2-1/2"]
[WhiteElo "2263"]
[BlackElo "2284"]

1.e4 c5 2.Nf3 e6 3.d4 cxd4 4.Nxd4 Nc6 5.Nc3 Qc7 6.Be3 a6 7.Qd2 Nf6 8.O-O-O Bb4
9.f3 b5 10.Bf4 Qb6 11.a3 Bc5 12.Nb3 Bf2 13.Qd6 Nh5 14.Bd2 Bh4 15.Qc5 Qxc5
16.Nxc5 Be7  1/2-1/2

[Event "ch-St Petersburg S/F 2011"]
[Site "St Petersburg RUS"]
[Date "2011.02.12"]
[Round "2.7"]
[White "Bazeev,G"]
[Black "Guzenko,A"]
[Result "1-0"]
[WhiteElo "2331"]
[BlackElo "2235"]

1.e4 c5 2.Nf3 e6 3.d4 cxd4 4.Nxd4 Nc6 5.Nc3 Qc7 6.Be3 a6 7.Qd2 Nf6 8.f3 Bb4
9.O-O-O b5 10.Nxc6 Qxc6 11.Bd4 O-O 12.h4 d6 13.Bxf6 gxf6 14.Rh3 Bxc3 15.bxc3  1-0

[Event "ch-St Petersburg Women"]
[Site "St Petersburg RUS"]
[Date "2011.02.12"]
[Round "2"]
[White "Sokolova,V"]
[Black "Andreeva,Y"]
[Result "1-0"]
[WhiteElo "2053"]
[BlackElo "1950"]

1.e4 c5 2.Nf3 e6 3.d4 cxd4 4.Nxd4 Nc6 5.Nc3 Qc7 6.Be2 a6 7.O-O Nf6 8.Be3 Be7
9.f4 d6 10.Qe1 b5 11.Nxc6 Qxc6 12.e5 dxe5 13.fxe5 Nd5 14.Nxd5 exd5 15.Qg3 O-O
16.Bd3 b4 17.Rf3 Bc5 18.Raf1 Bxe3+ 19.Rxe3 Qc5 20.Kh1 Qd4 21.c3 bxc3 22.bxc3 Qa4
23.Rf4 Qd1+ 24.Re1 Qd2 25.Rd4 Qxa2 26.Rh4 g6 27.Qe3 f5 28.exf6  1-0

[Event "16th Lienz-Open 2011"]
[Site "Lienz AUT"]
[Date "2011.02.13"]
[Round "3"]
[White "Gorgs,A"]
[Black "Csonka,A1"]
[Result "0-1"]
[WhiteElo "2188"]
[BlackElo "2378"]

1.e4 c5 2.Nf3 e6 3.d4 cxd4 4.Nxd4 Nc6 5.Nc3 Qc7 6.g3 a6 7.Bg2 Nf6 8.O-O d6
9.a4 Bd7 10.Kh1 h5 11.h3 Rc8 12.Nxc6 Bxc6 13.Be3 b6 14.Qe2 Qb7 15.Bg5 Be7
16.Kg1 O-O 17.Rfd1 Rfd8 18.Re1 g6 19.Bf1 b5 20.axb5 axb5 21.Nxb5 Nxe4 22.Bxe7 Qxe7
23.Na7 Ng5 24.Nxc8 Rxc8 25.Bg2 Bxg2 26.Kxg2 Qb7+ 27.f3 Nxf3  0-1

[Event "ch-ROU Men"]
[Site "Sarata Monteoru ROU"]
[Date "2011.02.13"]
[Round "2.13"]
[White "Corlatescu,D"]
[Black "Doncea,V"]
[Result "0-1"]
[WhiteElo "2191"]
[BlackElo "2402"]

1.e4 c5 2.Nf3 e6 3.d4 cxd4 4.Nxd4 Nc6 5.Nc3 Qc7 6.Nxc6 bxc6 7.Bd3 d5 8.O-O Nf6
9.Re1 d4 10.Ne2 e5 11.f4 Bd6 12.f5 c5 13.Bb5+ Kf8 14.Qd3 Bxf5 15.exf5 e4
16.Qh3 Qa5 17.Bg5 Qxb5 18.Bxf6 gxf6 19.Qh6+ Ke7 20.Nf4 Qc6 21.c3 e3 22.cxd4 cxd4
23.Ne6 Rag8 24.Ng7 Qe4  0-1

[Event "ch-ROU Women"]
[Site "Sarata Monteoru ROU"]
[Date "2011.02.14"]
[Round "3.4"]
[White "Baciu,A"]
[Black "Peptan,C"]
[Result "0-1"]
[WhiteElo "2123"]
[BlackElo "2414"]

1.e4 c5 2.Nf3 e6 3.d4 cxd4 4.Nxd4 Nc6 5.Nc3 Qc7 6.Nxc6 dxc6 7.a4 Nf6 8.Bg5 Be7
9.Bd3 h6 10.Bd2 Bd6 11.Qe2 O-O 12.h3 e5 13.O-O Be6 14.Nd1 Nd7 15.Bc4 Nc5
16.Bxe6 Nxe6 17.Qg4 Kh7 18.Ne3 Rfe8 19.Rad1 Bf8 20.h4 Rad8 21.Bc3 Nd4 22.Rd2 Re6
23.h5 Qe7 24.Nf5 Qg5 25.Qxg5 hxg5 26.f3 c5 27.g4 Rc8 28.Ne3 b6 29.Kg2 a6
30.b3 Kg8 31.Nd5 f6 32.Kf2 Kf7 33.Bb2 Rd6 34.Ke3 Re6 35.b4 cxb4 36.Bxd4 exd4+
37.Kxd4 Rc3 38.Rb1 Rec6  0-1

[Event "ch-ROU Men"]
[Site "Sarata Monteoru ROU"]
[Date "2011.02.14"]
[Round "4.14"]
[White "Horvat,Dan"]
[Black "Doncea,V"]
[Result "1-0"]
[WhiteElo "2171"]
[BlackElo "2402"]

1.e4 c5 2.Nf3 e6 3.d4 cxd4 4.Nxd4 Nc6 5.Nc3 Qc7 6.Be3 a6 7.Be2 Nf6 8.f4 d6
9.Bf3 Be7 10.O-O Bd7 11.Qe1 O-O 12.Rd1 Rac8 13.Qg3 b5 14.a3 Rfe8 15.Nde2 Bf8
16.Kh1 b4 17.axb4 Nxb4 18.Rd2 Bc6 19.Nd4 Bb7 20.f5 e5 21.Nde2 d5 22.Bg5 dxe4
23.Bxf6 exf3 24.gxf3 g6 25.Ne4 Bxe4 26.fxe4 Qb7 27.Nc3 Nc6 28.Qh4 Qxb2 29.Nd5 h6
30.fxg6 fxg6 31.Rg2 Kh7 32.Qg4 g5 33.Qf5+  1-0

[Event "ch-St Petersburg S/F 2011"]
[Site "St Petersburg RUS"]
[Date "2011.02.16"]
[Round "6.15"]
[White "Melnikov,D"]
[Black "Guzenko,A"]
[Result "0-1"]
[WhiteElo "2321"]
[BlackElo "2235"]

1.e4 c5 2.Nf3 e6 3.Nc3 Nc6 4.d4 cxd4 5.Nxd4 Qc7 6.g3 a6 7.Bg2 Nge7 8.Nb3 b5
9.a3 Bb7 10.O-O Ne5 11.Bf4 N7g6 12.Nd2 h5 13.Nf3 Nxf4 14.gxf4 Ng6 15.f5 Nf4
16.fxe6 dxe6 17.Kh1 Rd8 18.Qe1 g5 19.Rd1 Bd6 20.Rg1 g4 21.Nd4 Qc5 22.f3 Qe5
23.Qg3 h4 24.Qxg4 Nd3  0-1

[Event "ch-POL Women"]
[Site "Warsaw POL"]
[Date "2011.02.16"]
[Round "5"]
[White "Kulon,K"]
[Black "Zawadzka,J"]
[Result "1/2-1/2"]
[WhiteElo "2220"]
[BlackElo "2371"]

1.e4 c5 2.Nf3 e6 3.d4 cxd4 4.Nxd4 Nc6 5.Nc3 Qc7 6.Be2 a6 7.O-O Nf6 8.Be3 Bb4
9.Na4 O-O 10.Nxc6 bxc6 11.Nb6 Rb8 12.Nxc8 Rfxc8 13.Bxa6 Rf8 14.Bd3 Bd6 15.f4 e5
16.f5 Rxb2 17.g4 Qa5 18.g5 Bc5 19.Bxc5 Qxc5+ 20.Kh1 Ne8 21.Qe2 Qc3 22.a4 d5
23.Rfe1 Nd6 24.exd5 Re8 25.dxc6 e4 26.Bb5 Rxc2 27.Qe3 Nxb5 28.axb5 Qe5 29.Qg3 Qxb5
30.g6 fxg6 31.fxg6 Qxc6 32.gxh7+ Kh8 33.Ra7 Qh6 34.Rg1 Rc1 35.Qxg7+ Qxg7
36.Rxg7 Rxg1+ 37.Rxg1 Kxh7 38.Rg2 Kh6 39.Kg1 Rf8 40.Rg4 Re8 41.Kf2 Kh5 42.h3 e3+
43.Ke2 Re5 44.Rg3 Kh4 45.Rxe3 Rxe3+  1/2-1/2

[Event "IV Open A"]
[Site "Gora Swietej Anny POL"]
[Date "2011.02.17"]
[Round "7.23"]
[White "Kolasa,Zbigniew"]
[Black "Jastrzebski,Konrad"]
[Result "1/2-1/2"]
[WhiteElo "1579"]
[BlackElo "1458"]

1.e4 c5 2.Nf3 e6 3.d4 cxd4 4.Nxd4 Nc6 5.Nc3 Qc7 6.Ndb5 Qb8 7.Be3 a6 8.Bb6 axb5
9.Nxb5 Ra5 10.Bxa5 Nxa5 11.Bd3 Nf6 12.O-O Be7 13.h3 O-O 14.c4 d6 15.Qe2 Bd7
16.Nc3 Nc6 17.Rfd1 Rc8 18.Rac1 Ne5 19.b3 Bc6 20.Bb1 Ned7  1/2-1/2

[Event "G-TEAM Open"]
[Site "Novy Bor CZE"]
[Date "2011.02.17"]
[Round "7"]
[White "Oresky,J"]
[Black "Perdek,M"]
[Result "1/2-1/2"]
[WhiteElo "2213"]
[BlackElo "2245"]

1.e4 c5 2.Nf3 e6 3.d4 cxd4 4.Nxd4 Nc6 5.Nc3 a6 6.Nxc6 bxc6 7.Bd3 d6 8.O-O Nf6
9.Qe2 Be7 10.Na4 O-O 11.c4 c5 12.b3 Bb7 13.Bb2 Nd7 14.Rad1 Qc7 15.Nc3 Ne5
16.Bb1 Nc6 17.f4 Nd4 18.Qg4 Bf6 19.Rd3 g6 20.Rh3 Qe7 21.Kh1 Rae8 22.Re1 Bg7
23.Rhe3 Kh8 24.Qg3 Bf6 25.Qf2 Kg8 26.Rh3 Bg7 27.Rhe3 Bf6 28.Rh3 Bg7  1/2-1/2

[Event "16th Lienz-Open 2011"]
[Site "Lienz AUT"]
[Date "2011.02.18"]
[Round "8"]
[White "Csonka,A1"]
[Black "Malakhatko,V"]
[Result "1/2-1/2"]
[WhiteElo "2378"]
[BlackElo "2546"]

1.e4 c5 2.Nf3 e6 3.d4 cxd4 4.Nxd4 Nc6 5.Nc3 Qc7 6.Be3 a6 7.Qd2 Nf6 8.f3 Be7
9.O-O-O h5 10.Qf2 d6 11.Nb3 b5 12.Qg3  1/2-1/2

[Event "Frauenbundesliga 1st Div 2010-11"]
[Site "Germany GER"]
[Date "2011.02.19"]
[Round "8.3"]
[White "Chlost,M"]
[Black "Melamed,T"]
[Result "1/2-1/2"]
[WhiteElo "2152"]
[BlackElo "2353"]

1.e4 c5 2.Nf3 e6 3.d4 cxd4 4.Nxd4 Nc6 5.Nc3 Qc7 6.Be2 a6 7.O-O Nf6 8.Be3 Bb4
9.Na4 Be7 10.Nxc6 bxc6 11.Nb6 Rb8 12.Nxc8 Qxc8 13.Bd4 c5 14.Bc3 O-O 15.Qd3 Rb6
16.b3 d5 17.Bxf6 Bxf6 18.Rad1 Rd8 19.Qf3 Qb7  1/2-1/2

[Event "TCh-SVK Extraliga 2010-11"]
[Site "Slovakia SVK"]
[Date "2011.02.19"]
[Round "5.3"]
[White "Czebe,A"]
[Black "Jurcik,Mari"]
[Result "1-0"]
[WhiteElo "2487"]
[BlackElo "2471"]

1.e4 c5 2.Nf3 e6 3.d4 cxd4 4.Nxd4 Nc6 5.Nc3 a6 6.Nxc6 bxc6 7.Bd3 d5 8.O-O Nf6
9.Qe2 Be7 10.Bd2 O-O 11.Rae1 Bb7 12.f4 dxe4 13.Nxe4 c5 14.Ng3 Re8 15.c4 Bf8
16.Bc3 g6 17.Bc2 Bg7 18.Ba4 Rf8 19.f5 exf5 20.Rxf5 Qb6 21.Rf4 Ne8 22.Bxe8 Raxe8
23.Qxe8 Bxc3 24.bxc3 Rxe8 25.Rxe8+ Kg7 26.Re7 Kh6 27.Rfxf7 Qb1+ 28.Kf2 Qc2+
29.Re2 Qxc3 30.Rxb7 Qd4+ 31.Kf1 Qxc4 32.Rb1 Qd4 33.Ne4 c4 34.Rc1 a5 35.Rc3 Kg7
36.Rce3 h5 37.h4 Kh6 38.g3 a4 39.Kg2 Qd5 40.Kh2 c3 41.Nxc3 Qc4 42.Ne4 a3
43.Ng5 Qb4 44.Re8 Qc4 45.Rh8+  1-0

[Event "2nd Jerry Hanken Memorial"]
[Site "Stillwater USA"]
[Date "2011.02.19"]
[Round "2.4"]
[White "Lin,K"]
[Black "Galant,S"]
[Result "1/2-1/2"]
[WhiteElo "1882"]
[BlackElo "2161"]

1.e4 c5 2.Nf3 e6 3.d4 cxd4 4.Nxd4 Nc6 5.Nc3 Qb6 6.Nb3 Bb4 7.Bd2 Nf6 8.Bd3 Ne5
9.O-O Nxd3 10.cxd3 O-O 11.Bg5 a5 12.e5 Nd5 13.Ne4 a4 14.Nbd2 Bxd2 15.Qxd2 Qd4
16.Rae1 b6 17.Nc3 Ba6 18.Nxd5 Qxd5 19.Re3 f6 20.Bf4 Bb7 21.Rg3 fxe5 22.Bh6 Rf7
23.Qg5 e4 24.Qxd5 Bxd5 25.dxe4 Bxe4 26.Bd2 Rc8 27.Bc3 g6 28.Re3 Bd5 29.a3 Rc4
30.f3 g5 31.Rf2 Rcf4 32.h3 R7f5 33.Re5 Rxe5 34.Bxe5 Rc4 35.Bc3 Kf7 36.Rd2 h5
37.Rd4 b5 38.Rxc4 Bxc4 39.Be5 Ke7 40.Bg7 d6 41.Kf2 e5 42.Bh6 Kf6 43.Bf8 d5
44.Bb4 d4 45.Bd2 Be6 46.Kg3 Kf5 47.Kf2 g4 48.hxg4+ hxg4 49.Bc1 Bc4 50.Bd2 e4
51.fxe4+ Kxe4 52.Ke1 g3 53.Bb4 Ke5 54.Ba5 Kf4 55.Bc7+ Kg4 56.Bd6 d3 57.Bb4 Bd5
58.Kf1 Kf4 59.Bd2+ Ke4 60.Bc1 Kd4  1/2-1/2

[Event "TCh-HUN 2010-11"]
[Site "Zalaegerszeg HUN"]
[Date "2011.02.20"]
[Round "6"]
[White "Hujbert,F"]
[Black "Horvath,Ad1"]
[Result "1/2-1/2"]
[WhiteElo "2395"]
[BlackElo "2493"]

1.e4 c5 2.Nf3 Nc6 3.Nc3 e6 4.d4 cxd4 5.Nxd4 a6 6.g3 d6 7.Bg2 Bd7 8.O-O Be7
9.a4 Nf6 10.Be3 O-O 11.f4 Qc7 12.Nb3 Nb4 13.a5 Bc6 14.Nd4 Rac8 15.Nxc6 Qxc6
16.Rf2 d5 17.e5 Nd7 18.Bd4 Bc5 19.Ne2 Qc7 20.c3 Bxd4 21.Nxd4 Nc6 22.Qh5 Nxd4
23.cxd4 Qc4 24.Rd1 Qa4 25.f5 g6 26.Qe2 gxf5 27.g4 fxg4 28.Qxg4+ Kh8 29.Rdf1 Rc2
30.Qh4 Rg8 31.Kh1 Rxf2 32.Qxf2 Qc4 33.Qd2 Rg4 34.Rxf7 Rxd4 35.Qf2 Rd1+ 36.Bf1 Qe4+
37.Qg2 Qxg2+ 38.Kxg2 Rd2+ 39.Kh3 Nxe5 40.Rxb7 Nc6 41.b4 Rb2 42.Bxa6 Rxb4
43.Rxb4 Nxb4 44.Bc8 e5 45.Kg4 Kg7 46.a6 Nxa6 47.Bxa6  1/2-1/2

[Event "61st ch-RUS w 1st League"]
[Site "Ivanovo RUS"]
[Date "2011.02.21"]
[Round "1"]
[White "Mukhametgaleeva,R"]
[Black "Akatova,E"]
[Result "1/2-1/2"]
[WhiteElo "1983"]
[BlackElo "2275"]

1.e4 c5 2.Nf3 e6 3.d4 cxd4 4.Nxd4 Nc6 5.Nc3 a6 6.g3 d6 7.Bg2 Bd7 8.O-O Be7
9.Kh1 Nf6 10.f4 Qc7 11.Be3 O-O 12.a4 Rac8 13.Nb3 Na5 14.Nxa5 Qxa5 15.e5 Ne8
16.Qd2 Bc6 17.Nd5 Qd8 18.Bb6 Qd7 19.Nxe7+ Qxe7 20.Bxc6 Rxc6 21.a5 dxe5 22.fxe5 Nc7
23.b4 Rd8 24.Qf2 Rd5 25.Bc5 Qd7 26.c4 Rd2 27.Qf3 Ne8 28.Rad1 f6 29.Rxd2 Qxd2
30.Rd1 Qg5 31.Rd8 Qg6 32.Qd1 h6 33.Qd7 Qe4+ 34.Kg1 Qe1+ 35.Kg2 Qe4+ 36.Kf2 Qf5+
37.Kg2 Qe4+ 38.Kh3 Qf5+ 39.Kg2 Qe4+ 40.Kh3 Qf5+  1/2-1/2

[Event "61st ch-RUS w 1st League"]
[Site "Ivanovo RUS"]
[Date "2011.02.23"]
[Round "3"]
[White "Rjanova,V"]
[Black "Stepovaia Dianchenko,T"]
[Result "0-1"]
[WhiteElo "2156"]
[BlackElo "2389"]

1.e4 c5 2.Nf3 e6 3.d4 cxd4 4.Nxd4 Nc6 5.Nc3 Qc7 6.Be2 a6 7.O-O b5 8.Nxc6 dxc6
9.a4 Rb8 10.Be3 b4 11.Nb1 Nf6 12.Nd2 c5 13.b3 Bb7 14.Bd3 h5 15.h3 Rd8 16.Qe2 Be7
17.Rad1 a5 18.f3 O-O 19.f4 h4 20.Qf3 g6 21.Nc4 Nh5 22.Ne5 Ng3 23.Rfe1 Bf6
24.Ng4 Bg7 25.Nf2 Kh7 26.Bd2 Bh6 27.Kh2 Rd4  0-1

[Event "61st ch-RUS w 1st League"]
[Site "Ivanovo RUS"]
[Date "2011.02.24"]
[Round "4"]
[White "Mukhametgaleeva,R"]
[Black "Kindinova,E"]
[Result "1-0"]
[WhiteElo "1983"]
[BlackElo "2188"]

1.e4 c5 2.Nf3 e6 3.d4 cxd4 4.Nxd4 Nc6 5.Nc3 a6 6.g3 d6 7.Bg2 Bd7 8.O-O Nf6
9.Kh1 Be7 10.f4 O-O 11.a4 Rc8 12.Be3 Na5 13.Bg1 Qc7 14.Nde2 d5 15.e5 Ne8
16.Rb1 b5 17.axb5 axb5 18.b4 Nc4 19.Rb3 Qb8 20.Nd4 Nc7 21.Nce2 Na8 22.g4 Nab6
23.g5 Qc7 24.Qe1 g6 25.Rh3 Kg7 26.Rxh7+ Kxh7 27.Qh4+ Kg8 28.Rf3 f5 29.gxf6 Bxf6
30.exf6 Qd6 31.Rg3 Kf7 32.Qh7+ Ke8 33.Rxg6 Ra8 34.h4 Ra1 35.Kh2 Nc8 36.Nb3 Re1
37.Bc5  1-0

[Event "61st ch-RUS w 1st League"]
[Site "Ivanovo RUS"]
[Date "2011.02.24"]
[Round "4"]
[White "Semenova,E"]
[Black "Akatova,E"]
[Result "0-1"]
[WhiteElo "2139"]
[BlackElo "2275"]

1.e4 c5 2.Nf3 e6 3.d4 cxd4 4.Nxd4 Nc6 5.Nc3 a6 6.Nxc6 bxc6 7.Bd3 d5 8.O-O Nf6
9.Qe2 Be7 10.Na4 O-O 11.b3 Bb7 12.c4 dxe4 13.Bxe4 Qd4 14.Bc2 Qxa1 15.Bb2 Qxa2
16.Bxf6 Qa3 17.Bb2 Qd6 18.Rd1 Qc7 19.Be5 Qa5 20.Rd7 Rad8 21.Bc3 Qxc3 22.Nxc3 Rxd7
23.h3 Rfd8 24.Qh5 g6 25.Qh6 Rd4 26.Ne4 c5 27.Ng3 f5 28.Nf1 Bf6 29.Qc1 R4d6
30.Qa3 Bd4 31.Ng3 R8d7 32.Qc1 Kg7 33.Qg5 Kf7 34.h4 h5 35.Ne2 Be5 36.Nf4 Bxf4
37.Qxf4 Rd2 38.Qh6 Rxc2 39.Qh7+ Ke8 40.Qxg6+ Ke7 41.Qxh5 Be4 42.Qg5+ Kd6
43.h5 Kc6 44.f3 Rd1+ 45.Kh2 Bxf3  0-1

[Event "Osijek Open"]
[Site "Osijek CRO"]
[Date "2011.02.24"]
[Round "2.16"]
[White "Vlaicevic,Marko"]
[Black "Vidakovic,Mato"]
[Result "0-1"]
[WhiteElo "1706"]
[BlackElo "1882"]

1.e4 c5 2.Nf3 e6 3.d4 cxd4 4.Nxd4 Nc6 5.Nc3 Bb4 6.Be2 Bxc3+ 7.bxc3 a6 8.O-O Nge7
9.Bg5 O-O 10.Qd2 f6 11.Bh4 e5 12.Nb3 d5 13.exd5 Qxd5 14.Qxd5+ Nxd5 15.Bc4 Ne7
16.Rfd1 Be6 17.Nc5 Bf7 18.Nxb7 Nxc3 19.Bxf7+ Kxf7 20.Rd3 Nb5 21.Nd6+ Nxd6
22.Rxd6 Rfd8 23.Rdd1 Nf5 24.Bg3 Nxg3 25.hxg3 Rd4 26.Rxd4 exd4 27.Rd1 Rd8
28.Rd3 Ke6 29.Kf1 Kd5 30.Ke2 Kc4 31.Kd2 Rd5 32.Rb3 Rb5 33.f3 h5 34.f4 g5
35.Rxb5 axb5 36.a3 h4 37.gxh4 gxh4 38.f5 Kd5 39.Kd3 Ke5 40.Ke2 Kxf5 41.Kf3 Kg5
42.Ke4 Kg4 43.Kxd4 Kg3 44.a4 bxa4 45.c4 Kxg2 46.c5 h3 47.c6 h2 48.c7 h1=Q
49.c8=Q Qd1+ 50.Ke3 Qf3+ 51.Kd4 Qf4+ 52.Kd3 f5 53.Qc2+ Kg3 54.Qa2 Qe4+ 55.Kc3 Qe3+
56.Kb4 Qb3+  0-1

[Event "6th Women GP"]
[Site "Doha QAT"]
[Date "2011.02.25"]
[Round "4"]
[White "Xu Yuhua"]
[Black "Munguntuul,B"]
[Result "1-0"]
[WhiteElo "2484"]
[BlackElo "2410"]

1.e4 c5 2.Nf3 e6 3.d4 cxd4 4.Nxd4 Nc6 5.Nc3 Qc7 6.Be2 Nf6 7.O-O Be7 8.Be3 O-O
9.f4 d6 10.Kh1 Nxd4 11.Bxd4 e5 12.Be3 exf4 13.Bxf4 Be6 14.Qd3 Nd7 15.Nb5 Qc5
16.Be3 Qe5 17.Bd4 Qg5 18.Nc7 Rac8 19.Nxe6 fxe6 20.Qb3 Kh8 21.Rxf8+ Nxf8 22.Bxa7 Bf6
23.Rf1 Qe5 24.Qxb7 Rxc2 25.Qf7 Rc8 26.Ba6 Rd8 27.Bb6 Ra8 28.Bb7 Rb8 29.Bc7 Qb5
30.Rxf6 gxf6 31.Qxf6+ Kg8 32.Bxb8 Qb4 33.h3  1-0

[Event "ch-CHI"]
[Site "Santiago CHI"]
[Date "2011.02.25"]
[Round "9"]
[White "Garcia Cardenas,P"]
[Black "Valdes Escobar,A"]
[Result "1/2-1/2"]
[WhiteElo "2316"]
[BlackElo "2387"]

1.e4 c5 2.Ne2 Nc6 3.Nbc3 e6 4.d4 cxd4 5.Nxd4 Qc7 6.g3 a6 7.Bg2 d6 8.O-O Bd7
9.a4 Nxd4 10.Qxd4 Nf6 11.Bg5 Be7 12.Rad1 Rc8 13.Rfe1 h6 14.Bxf6 Bxf6 15.Qxd6 Bxc3
16.bxc3 Qxd6 17.Rxd6 Bxa4 18.e5 Rxc3  1/2-1/2